00596nam a22001697a 450000500170000001000140001702000260003103500140005703700130007108200110008410000170009524501170011226000400022927000800026930000270034950400500037620181128150152.0 aB-7123007 a9788132113676c645.00 aB-7123007 bRK Books a327.54 aSikri, Rajiv aChallenge and strategy:brethinking India's foreign policy /cby Rajiv Sikri; foreword by Chinmaya R. Gharekhan  aNew Delhi bSage Publicationsc2009 aB1/I-1, Mohan Cooperative Industrial Area, Mathura RoadbNew Delhi e110044 axx, 317p. c22cm(pbk)  aIncludes bibliographical references and index